| 000 | 00392nam a22001457a 4500 | ||
|---|---|---|---|
| 020 | _a0309031036 | ||
| 082 |
_a388.4068 _bNAT _cD |
||
| 100 |
_aTRB _919556 |
||
| 245 | _aPublic transportation planning/ | ||
| 260 |
_aWashington DC: _bNation research council, _cc1980 |
||
| 300 |
_av, 36-p, _bill,: _c28cm |
||
| 526 |
_a0 _b0 _c0 _d388_406800000000000_NAT |
||
| 650 |
_aMCE _9379 |
||
| 942 |
_2ddc _cBK |
||
| 999 |
_c543407 _d543407 |
||